“熏酱”地点数量≥100的地级行政区 Prefectures with ≥100 "Xunjiang" sites - Statistics

General Stats
  • This quiz has been taken 23 times
  • The average score is 7 of 11
Answer Stats
城市 数量 % Correct
哈尔滨 796
95%
长春 453
95%
沈阳 288
95%
北京 126
95%
天津 130
84%
齐齐哈尔 163
79%
大庆 185
74%
绥化 180
42%
四平 103
42%
呼和浩特 115
16%
松原 108
11%
No matching quizzes found
Score Distribution
Percent of People with Each Score
Percentile by Number Answered
Your Score History
You have not taken this quiz